Statistics for NBA All-Stars By Letter - R

Click here to take the quiz!

General Stats

  • This quiz has been taken 490 times
    (401 since last reset)
  • The average score is 17 of 32

Answer Stats

PlayersSelectionsLastTeams% Correct
Julius Randle32024Knicks
92%
David Robinson102001Spurs
88%
Alvin Robertson41991Spurs, Bucks
87%
Cliff Robinson11994Trail Blazers
87%
Flynn Robinson11970Bucks
87%
Glenn Robinson22001Bucks
87%
Oscar Robertson121972Royals, Bucks
87%
Truck Robinson21981Jazz, Suns
87%
Bill Russell121969Celtics
85%
Campy Russell11979Cavaliers
85%
Cazzie Russell11972Warriors
85%
D'Angelo Russell12019Nets
85%
Rajon Rondo42013Celtics
78%
Derrick Rose32012Bulls
75%
Zach Randolph22013Grizzlies
75%
Brandon Roy32010Trail Blazers
65%
Willis Reed71971Knicks
64%
Dennis Rodman21992Pistons
54%
Michael Redd12004Bucks
48%
Glen Rice31998Hornets
46%
Mitch Richmond51998Kings
42%
Michael Ray Richardson41985Knicks, Nets
34%
Theo Ratliff1200176ers
24%
Doc Rivers11988Hawks
21%
Guy Rodgers41967Warriors, Bulls
9%
Arnie Risen51955Royals
6%
Dan Roundfield31982Hawks
6%
Jeff Ruland11984Bullets
6%
Bob Rule11970SuperSonics
3%
Curtis Rowe11976Pistons
3%
Red Rocha21952Bullets, Nationals
2%
Richie Regan11957Royals
2%

Score Distribution

Percentile by Number Answered

Percent of People with Each Score

Your Score History

You have not taken this quiz since the last reset